000
00276nam a2200133Ia 4500
100
_a
Siegal Charles
942
_c
BK
654
_a
Computer
245
_a
Mastering Fox Pro 2
260
_b
BPB Pub
_a
New Delhi
_c
1991
082
_a
5.13
_b
'F'
546
_a
ENGLISH
999
_c
34367
_d
34367